| 000 | 01159nam a2200253Ia 4500 | ||
|---|---|---|---|
| 999 |
_c49183 _d49183 |
||
| 001 | 16094 | ||
| 003 | GE_BSU | ||
| 005 | 20200228105206.0 | ||
| 008 | 181216s1937ge xx |||||||||||||| ||geo|| | ||
| 040 | _cGE_BSU | ||
| 041 | _ageo | ||
| 080 | _a821.353.1-32 ჭ-15 | ||
| 100 |
_aჭავჭავაძე, ი. (ილია, 1837-1907) _97595 |
||
| 245 |
_aგლახის ნაამბობი : _bმოთხრობა / _c ი. ჭავჭავაძე ; რედ. ი. გრიშაშვილი ; ალ. ლორდელი ; მხ. ლ. ზაალიშვილი . |
||
| 264 |
_aთბილისი : _bფედერაცია, _c1937 |
||
| 300 |
_a116 გვ. ; _c17 სმ. |
||
| 653 | _aგლახის ნაამბობი | ||
| 653 | _aმოთხრობა | ||
| 653 | _aქართული ლიტერატურა | ||
| 700 |
_aგრიშაშვილი, ი _eრედაქტორი _94937 |
||
| 700 |
_aლორდელი, ა _eრედაქტორი _97613 |
||
| 700 |
_aზაალიშვილი, ლ _eმხატვარი _97614 |
||
| 942 |
_cBK _2udc |
||